Boletn̕ de Actualidad vLex

Detalles Bibliográficos
Formato: Libro
Lenguaje:español
Publicado: Ciudad de Mx̌ico: Editorial vLex, 2018 -
Materias:
Acceso en línea:Acceso restringido

MARC

LEADER 00000nam a22000007a 4500
005 20180723105426.0
007 cr|||| ||||
008 180723c20189999mx ||||s |||| 0|||b1spa d
035 |a 21839 
040 |a vLex 
090 |c 8081  |d 8081 
245 0 0 |a Boletn̕ de Actualidad vLex  |h [Recurso electrn̤ico] 
256 |a Servicio en ln̕ea 
260 |a Ciudad de Mx̌ico:  |b Editorial vLex,  |c 2018 - 
300 |a 1 recurso electrn̤ico 
310 |a Mensual 
362 |a Nm︢. 1 (2018) - 
506 |a Disponible solo en los productos indicados  |d vLex Global  |d vLex Global (Academic Edition, excluding Law Schools)  |d vLex Global (U.S. Academic Edition, Law Schools)  |d vLex Global (U.S. Academic Edition, excluding Law Schools)  |d vLex Global (Academic Edition, Law Schools) 
650 0 4 |a Derecho  |z Mx̌ico 
740 0 |a vLex Revistas (Servicio en ln̕ea) 
856 |u http://vlex.com/source/21839  |z Acceso restringido 
942 |c REV 
999 0 |a Law